000 01068nas a2200337 4500
001 BR2014002569
003 BR-BrBNA
005 20231205123935.0
007 ta
008 230509b bl.|||p| |||| 00| 00por d
040 _aBR-BrBNA
_bpor
_cBiblioteca Nacional de Agricultura
041 _a(Pt)
072 _aQ54; L02
100 1 _aBrumano, G.
100 1 _aGomes, P.C.
100 1 _aDonzele, J.L.
100 1 _aRostagno, H.S.
100 1 _aRocha, t.C. da
100 1 _aAlmeida, R.L. de
245 1 _aNiveis de metionina+cistina digestível em rações para poedeiras leves no período de 24 a 40 semanas de idade
650 _aGALINHA PARA POSTURA
650 _aAMINOÁCIDO
650 _aEXIGÊNCIA NUTRICIONAL
650 _aPROTEÍNA
650 _aRAÇÃO
650 _aCOMPOSIÇÃO QUÍMICA
773 0 _tRevista Brasileira de Zootecnia (Brazil)
_xISSN 1806-9290
_g(Jun 2010), v. 39(6) p. 1228-1236
_wBR2014002569
856 4 0 _uhttp://www.scielo.br/pdf/rbz/v39n6/10.pdf
909 _a202311
_bLúcia
_c55
_dLúcia Elande
942 _2AGRIS
_n0
_cANA
999 _c236497
_d236497